5HLuxD.jpg

KING HENRY VIII SENIOR AND PRIMARY SCHOOL LIBRARY OPAC

Geography from A to Z : (Record no. 691)

000 -LEADER
fixed length control field 00773cam a2200253 u 4500
001 - CONTROL NUMBER
control field .b30116132
003 - CONTROL NUMBER IDENTIFIER
control field OCoLC
005 - DATE AND TIME OF LATEST TRANSACTION
control field 20191105102404.0
008 - FIXED-LENGTH DATA ELEMENTS--GENERAL INFORMATION
fixed length control field 980624s1988 nyua d 000 0 eng d
020 ## - INTERNATIONAL STANDARD BOOK NUMBER
International Standard Book Number 0064460991 (pbk.)
020 ## - INTERNATIONAL STANDARD BOOK NUMBER
International Standard Book Number 9780064460996 (pbk.)
035 ## - SYSTEM CONTROL NUMBER
System control number (OCoLC)611103669
040 ## - CATALOGING SOURCE
Original cataloging agency SzZUIDS
Language of cataloging ger
Transcribing agency CHVBK
Modifying agency CEG
042 ## - AUTHENTICATION CODE
Authentication code nbic
082 0# - DEWEY DECIMAL CLASSIFICATION NUMBER
Classification number 910.3 KNO
100 1# - MAIN ENTRY--PERSONAL NAME
Personal name Knowlton, Jack.
245 10 - TITLE STATEMENT
Title Geography from A to Z :
Remainder of title a picture glossary /
Statement of responsibility, etc. by Jack Knowlton ; pictures by Harriett Barton.
260 ## - PUBLICATION, DISTRIBUTION, ETC.
Place of publication, distribution, etc. New York :
Name of publisher, distributor, etc. HarperCollins Pub.,
Date of publication, distribution, etc. c1988.
300 ## - PHYSICAL DESCRIPTION
Extent 47 p. :
Other physical details col. ill ;
Dimensions 24 cm.
500 ## - GENERAL NOTE
General note "A Trophy picture book"
650 #0 - SUBJECT ADDED ENTRY--TOPICAL TERM
Topical term or geographic name entry element Geography
Form subdivision Dictionaries, Juvenile.
700 1# - ADDED ENTRY--PERSONAL NAME
Personal name Barton, Harriett.
Relator term Illustrator
942 ## - ADDED ENTRY ELEMENTS (KOHA)
Source of classification or shelving scheme
Koha item type Books - Non Ficton
Holdings
Withdrawn status Lost status Source of classification or shelving scheme Damaged status Not for loan Collection code Permanent Location Current Location Shelving location Date acquired Total Checkouts Total Renewals Full call number Barcode Date last seen Date last checked out Price effective from Koha item type
          Non-Fiction KH8 Senior School Library KH8 Senior School Library Non Fiction 2019-11-05 1 1 910.3 KNO 3KHSL000101425 2020-09-21 2020-01-22 2019-11-05 Books - Non Ficton

Powered By KH8 IT Dept